000 00899nam a2200241 a 4500
008 060316s1982 ||||||||||||||||| || u
020 _a0675098475
050 _aHF 5415.2 Dod
100 _aDodge, H. Robert
245 1 0 _aMarketing research. (4th ed.)
250 _a4th ed.
260 _aColumbus, Ohio :
_bCharles E. Merill
_c1982
300 _aviii, 530 p. : ill.
350 _a0.00
500 _aIncludes bibliographical references
650 0 _aMARKETING RESEARCH
650 0 _aSELLING
700 _aKlompmaker, Jay E
700 _aKurtz, David L
700 _aRink, David
995 _aTEXTBOOKS (SB)
_D0.00
_e1116
_FCBU-SCHOOL TEXTBOOK COLLECTIONS
_H1
_I0.00
_jSCHOOL TEXTBOOK
_M2
_UAVAILABLE
_WSep 14, 2009
_y1116
_ZSchool Collections
995 _aBINDERY (DAMAGED)
_D0.00
_e708373
_FCBU-MAIN LIBRARY (Kitwe)
_H1
_I29.95
_jHF 5415.2 Dod
_M1
_UDAMAGED
_y005681
_ZMain Library Open Access Collection
999 _c82677
_d82677